{"text_format":"3","workbook":"xlsx","n_sheets":2,"sheets":["报价统一格式","最高限价"],"not_rendered":{"defined_names":2},"read":"whole","date_system":"1900"}

{"sheet":"报价统一格式","index":0,"n_rows":15,"n_cols":11,"rows_kept":15,"merged":[[0,0,0,10],[1,0,1,10],[2,0,2,10],[3,3,3,10],[4,3,4,10],[5,0,6,0],[5,1,6,1],[5,2,6,2],[5,3,6,3],[5,4,6,4],[5,5,5,7],[5,8,5,10],[14,1,14,7]]}
["泸州市龙马潭区龙驰科技有限公司\n弱电安装报价清单"]
["地址：泸州市龙马潭区云台路68号龙驰集团商业楼3楼B5     联系电话：0830-6667781     联系人：张先生   E-mail：lckeji2021@163.com"]
["项目施工地址：龙马潭区金龙镇卫生院急救能力提升项目弱电安装"]
["报价单位：",null,"地    址："]
["联系人：",null,"电    话："]
["序号","项目名称","项目特征描述","计量单位","工程量","单价（元）",null,null,"总价（元）"]
[{"$nulls":5},"不含税价","税率","价税合计","不含税金额","税额","价税合计"]
[1,{"$nulls":7},{"$f":"ROUND(K8/(1+G8),2)","v":{"v":0,"d":"0.00"}},{"$f":"K8-I8","v":{"v":0,"d":"0.00"}},{"$f":"E8*H8","v":{"v":0,"d":"0.00"}}]
[2,{"$nulls":7},{"$f":"ROUND(K9/(1+G9),2)","v":{"v":0,"d":"0.00"}},{"$f":"K9-I9","v":{"v":0,"d":"0.00"}},{"$f":"E9*H9","v":{"v":0,"d":"0.00"}}]
[3,{"$nulls":7},{"$f":"ROUND(K10/(1+G10),2)","v":{"v":0,"d":"0.00"}},{"$f":"K10-I10","v":{"v":0,"d":"0.00"}},{"$f":"E10*H10","v":{"v":0,"d":"0.00"}}]
[4,{"$nulls":7},{"$f":"ROUND(K11/(1+G11),2)","v":{"v":0,"d":"0.00"}},{"$f":"K11-I11","v":{"v":0,"d":"0.00"}},{"$f":"E11*H11","v":{"v":0,"d":"0.00"}}]
[5,{"$nulls":7},{"$f":"ROUND(K12/(1+G12),2)","v":{"v":0,"d":"0.00"}},{"$f":"K12-I12","v":{"v":0,"d":"0.00"}},{"$f":"E12*H12","v":{"v":0,"d":"0.00"}}]
[6,{"$nulls":7},{"$f":"ROUND(K13/(1+G13),2)","v":{"v":0,"d":"0.00"}},{"$f":"K13-I13","v":{"v":0,"d":"0.00"}},{"$f":"E13*H13","v":{"v":0,"d":"0.00"}}]
[7,{"$nulls":7},{"$f":"ROUND(K14/(1+G14),2)","v":{"v":0,"d":"0.00"}},{"$f":"K14-I14","v":{"v":0,"d":"0.00"}},{"$f":"E14*H14","v":{"v":0,"d":"0.00"}}]
["合计",{"$f":"K15","v":0},{"$nulls":6},{"$f":"SUM(I11:I12)","v":{"v":0,"d":"0.00"}},{"v":0,"d":"0.00"},{"v":0,"d":"0.00"}]

{"sheet":"最高限价","index":1,"n_rows":89,"n_cols":11,"rows_kept":89,"merged":[[0,0,0,10],[1,0,1,10],[2,0,2,10],[3,3,3,10],[4,3,4,10],[5,0,6,0],[5,1,6,1],[5,2,6,2],[5,3,6,3],[5,4,6,4],[5,5,5,7],[5,8,5,10],[7,1,7,4],[36,1,36,4],[57,1,57,4],[72,1,72,4],[78,1,78,4],[83,1,83,4],[88,1,88,7]]}
["泸州市龙马潭区龙驰科技有限公司\n弱电安装最高限价清单"]
["地址：泸州市龙马潭区云台路68号龙驰集团商业楼3楼B5     联系电话：0830-6667781     联系人：张先生   E-mail：lckeji2021@163.com"]
["项目施工地址：龙马潭区金龙镇卫生院急救能力提升项目弱电安装"]
["报价单位：",null,"地    址："]
["联系人：",null,"电    话："]
["序号","项目名称","项目特征描述","计量单位","工程量","单价（元）",null,null,"总价（元）"]
[{"$nulls":5},"不含税价","税率","价税合计","不含税金额","税额","价税合计"]
[1,"弱电系统"]
[2,"综合布线机柜","1.名称：综合布线机柜\n2.其他：满足设计及现行技术、质量验收规范要求。设计中包含的相关工作内容及其余未尽事宜，由承包人自行考虑，包含在投标报价中","台",3,{"v":183.48,"d":"183"},{"v":0.09,"d":"9%"},{"$f":"F9*(1+G9)","v":{"v":199.9932,"d":"199.99"}},{"$f":"ROUND(E9*F9,2)","v":550.44},{"$f":"I9*G9","v":{"v":49.5396,"d":"49.54"}},{"$f":"I9+J9","v":{"v":599.9796,"d":"599.98"}}]
[3,"数字摄像机","1.名称 ：数字摄像机\n2.内容 ：含支架及配套器具\n3.参数：像素不低于200W\n4.安装方式：吸顶安装\n5.其他：满足设计及现行技术、质量验收规范要求。设计中包含的相关工作内容及其余未尽事宜，由承包人自行考虑，包含在投标报价中","台",51,{"v":201.83,"d":"202"},{"v":0.09,"d":"9%"},{"$f":"F10*(1+G10)","v":{"v":219.9947,"d":"219.99"}},{"$f":"ROUND(E10*F10,2)","v":10293.33},{"$f":"I10*G10","v":{"v":926.3997,"d":"926.40"}},{"$f":"I10+J10","v":{"v":11219.7297,"d":"11219.73"}}]
[4,"弱电桥架 200*150","1.名称：弱电桥架 200*150mm\n2.材质：钢制\n3.规格：200*150mm\n4.类型：槽式\n5.附件：含桥架支撑架、桥架隔板及桥架连接弯头、三通、四通、盖板、隔板、连接片、开孔等\n6.接地方式：按规范执行，含接地扁钢的费用\n7.其他：满足设计及现行技术、质量验收规范要求。设计中包含的相关工作内容及其余未尽事宜，由承包人自行考虑，包含在投标报价中","m",314.52,9.17,{"v":0.09,"d":"9%"},{"v":9.9953,"d":"10.00"},{"$f":"ROUND(E11*F11,2)","v":2884.15},{"$f":"I11*G11","v":{"v":259.5735,"d":"259.57"}},{"$f":"I11+J11","v":{"v":3143.7235,"d":"3143.72"}}]
[5,"弱电桥架 200*150（电井内）","1.名称：弱电桥架 200*150mm（电井内）\n2.材质：钢制\n3.规格：200*150mm\n4.类型：槽式\n5.附件：含桥架支撑架、桥架隔板及桥架连接弯头、三通、四通、盖板、隔板、连接片、开孔等\n6.接地方式：按规范执行，含接地扁钢的费用\n7.其他：满足设计及现行技术、质量验收规范要求。设计中包含的相关工作内容及其余未尽事宜，由承包人自行考虑，包含在投标报价中","m",14.6,9.17,{"v":0.09,"d":"9%"},{"v":9.9953,"d":"10.00"},{"$f":"ROUND(E12*F12,2)","v":133.88},{"$f":"I12*G12","v":{"v":12.0492,"d":"12.05"}},{"$f":"I12+J12","v":{"v":145.9292,"d":"145.93"}}]
[6,"弱电桥架 200*100","1.名称：弱电桥架 200*100mm\n2.材质：钢制\n3.规格：200*100mm\n4.类型：槽式\n5.附件：含桥架支撑架、桥架隔板及桥架连接弯头、三通、四通、盖板、隔板、连接片、开孔等\n6.接地方式：按规范执行，含接地扁钢的费用\n7.其他：满足设计及现行技术、质量验收规范要求。设计中包含的相关工作内容及其余未尽事宜，由承包人自行考虑，包含在投标报价中","m",58.01,13.76,{"v":0.09,"d":"9%"},{"v":14.9984,"d":"15.00"},798.22,{"v":71.8398,"d":"71.84"},{"v":870.0598,"d":"870.06"}]
[7,"桥架支架","1.名称：桥架支架\n2.材质：槽钢、角钢\n3.规格：综合\n4.其他：满足设计及现行技术、质量验收规范要求。设计中包含的相关工作内容及其余未尽事宜，由承包人自行考虑，包含在投标报价中","kg",322.75,{"v":6.9,"d":"6.90"},{"v":0.09,"d":"9%"},{"v":7.521,"d":"7.52"},2226.98,{"v":200.4282,"d":"200.43"},{"v":2427.4082,"d":"2427.41"}]
[8,"配线WDZB1-BYJ-4mm2","1.名称：配线WDZB1-BYJ-4mm2\r\n2.配线形式：管内穿线\r\n3.型号、规格：WDZB1-BYJ-4mm2\r\n4.材质：铜芯\r\n5.配线部位：综合考虑\r\n6.配线线制：按设计要求\r\n7.焊(压)接线端子：详设计图及相关规范\r\n8.其他：满足设计及现行技术、质量验收规范要求。设计中包含的相关工作内容及其余未尽事宜，由承包人自行考虑，包含在投标报价中\r","m",129.3,{"v":1.4,"d":"1.40"},{"v":0.09,"d":"9%"},{"v":1.526,"d":"1.53"},181.02,{"v":16.2918,"d":"16.29"},{"v":197.3118,"d":"197.31"}]
[9,"配线 WDZB1-RYSP-2*0.75mm2","1.名称：配线 WDZB1-RYSP-2*0.75mm2\r\n2.配线形式：管内穿线\r\n3.型号、规格：WDZB1-RYSP-2*0.75mm2\r\n4.材质：铜芯\r\n5.配线部位：综合考虑\r\n6.配线线制：按设计要求\r\n7.焊(压)接线端子：详设计图及相关规范\r\n8.其他：满足设计及现行技术、质量验收规范要求。设计中包含的相关工作内容及其余未尽事宜，由承包人自行考虑，包含在投标报价中","m",376.46,{"v":1.4,"d":"1.40"},{"v":0.09,"d":"9%"},{"v":1.526,"d":"1.53"},527.04,{"v":47.4336,"d":"47.43"},{"v":574.4736,"d":"574.47"}]
[10,"智能照明控制面板","1.名称：智能照明控制面板\n2.其他：满足设计及现行技术、质量验收规范要求。设计中包含的相关工作内容及其余未尽事宜，由承包人自行考虑，包含在投标报价中","台",5,{"v":45,"d":"45.00"},{"v":0.09,"d":"9%"},49.05,{"v":225,"d":"225.00"},20.25,245.25]
[11,"配管SC20","1.名称:配管\r\n2.规格:SC20\r\n3.材质:热镀锌钢管\r\n4.敷设方式:综合考虑\r\n5.接地要求：按设计及规范要求 \r\n6.其他：满足设计及现行技术、质量验收规范要求。设计中包含的相关工作内容及其余未尽事宜，由承包人自行考虑，包含在投标报价中\r\n\r","m",188.23,{"v":1.4,"d":"1.40"},{"v":0.09,"d":"9%"},{"v":1.526,"d":"1.53"},263.52,{"v":23.7168,"d":"23.72"},{"v":287.2368,"d":"287.24"}]
[12,"配管JDG20","1.名称：配管\n2.规格：JDG20\n3.材质：紧定式镀锌钢导管\n4.敷设方式：综合考虑\n5.接地要求：按设计及规范要求 \n6.其他：满足设计及现行技术、质量验收规范要求。设计中包含的相关工作内容及其余未尽事宜，由承包人自行考虑，包含在投标报价中","m",3230.5,{"v":1.4,"d":"1.40"},{"v":0.09,"d":"9%"},{"v":1.526,"d":"1.53"},{"v":4522.7,"d":"4522.70"},{"v":407.043,"d":"407.04"},{"v":4929.743,"d":"4929.74"}]
[13,"管内网线 CAT6","1.名称：管内网线 CAT6 \n2.规格：CAT6 \n3.其他：满足设计及现行技术、质量验收规范要求。设计中包含的相关工作内容及其余未尽事宜，由承包人自行考虑，包含在投标报价中","m",3230.5,{"v":1.4,"d":"1.40"},{"v":0.09,"d":"9%"},{"v":1.526,"d":"1.53"},{"v":4522.7,"d":"4522.70"},{"v":407.043,"d":"407.04"},{"v":4929.743,"d":"4929.74"}]
[14,"桥架内网线 CAT6","1.名称：桥架内网线 CAT6 \r\n2.规格：CAT6 \r\n3.其他：满足设计及现行技术、质量验收规范要求。设计中包含的相关工作内容及其余未尽事宜，由承包人自行考虑，包含在投标报价中","m",24564.34,1.37,{"v":0.09,"d":"9%"},{"v":1.4933,"d":"1.49"},33653.15,{"v":3028.7835,"d":"3028.78"},{"v":36681.9335,"d":"36681.93"}]
[15,"接地母线镀锌扁钢 25*4","1.名称：接地母线 \n2.材质、规格：镀锌扁钢 25*4mm\n3.安装部位：室内 \n4.安装形式：综合考虑\n5.其他：满足设计及现行技术、质量验收规范要求。设计中包含的相关工作内容及其余未尽事宜，由承包人自行考虑，包含在投标报价中","m",307.28,{"v":1,"d":"1.00"},{"v":0.09,"d":"9%"},1.09,307.28,{"v":27.6552,"d":"27.66"},{"v":334.9352,"d":"334.94"}]
[16,"24口的光纤配线架","1.名称: 光纤配线架\n2.规格:24口\n3.包含尾纤、跳线的费用\n4.其他：满足设计及现行技术、质量验收规范要求。设计中包含的相关工作内容及其余未尽事宜，由承包人自行考虑，包含在投标报价中","个",1,18.34,{"v":0.09,"d":"9%"},{"v":19.9906,"d":"19.99"},18.34,{"v":1.6506,"d":"1.65"},{"v":19.9906,"d":"19.99"}]
[17,"24口交换机","1.名称 ：24口交换机\n2.规格:24口\n3.包含尾纤、跳线的费用\n4.其他：满足设计及现行技术、质量验收规范要求。设计中包含的相关工作内容及其余未尽事宜，由承包人自行考虑，包含在投标报价中","台",2,91.74,{"v":0.09,"d":"9%"},{"v":99.9966,"d":"100.00"},183.48,{"v":16.5132,"d":"16.51"},{"v":199.9932,"d":"199.99"}]
[18,"24口POE网络交换机","1.名称 ：24口POE网络交换机\n2.规格:24口\n3.包含尾纤、跳线的费用\n4.其他：满足设计及现行技术、质量验收规范要求。设计中包含的相关工作内容及其余未尽事宜，由承包人自行考虑，包含在投标报价中","台",4,91.74,{"v":0.09,"d":"9%"},{"v":99.9966,"d":"100.00"},366.96,{"v":33.0264,"d":"33.03"},{"v":399.9864,"d":"399.99"}]
[19,"光纤收发器","1.名称 ：光纤收发器\n2.规格:详设计\n3.其他：满足设计及现行技术、质量验收规范要求。设计中包含的相关工作内容及其余未尽事宜，由承包人自行考虑，包含在投标报价中","台",4,45.87,{"v":0.09,"d":"9%"},{"v":49.9983,"d":"50.00"},183.48,{"v":16.5132,"d":"16.51"},{"v":199.9932,"d":"199.99"}]
[20,"主控电视墙：42寸液晶监视器","1.名称 ：主控电视墙：42寸液晶监视器\n2.规格:42寸\n3.其他：满足设计及现行技术、质量验收规范要求。设计中包含的相关工作内容及其余未尽事宜，由承包人自行考虑，包含在投标报价中","套",1,137.61,{"v":0.09,"d":"9%"},{"v":149.9949,"d":"149.99"},137.61,{"v":12.3849,"d":"12.38"},{"v":149.9949,"d":"149.99"}]
[21,"22寸液晶监视器","1.名称 ：22寸液晶监视器\r\n2.规格:22寸\r\n3.其他：满足设计及现行技术、质量验收规范要求。设计中包含的相关工作内容及其余未尽事宜，由承包人自行考虑，包含在投标报价中\r","套",4,137.61,{"v":0.09,"d":"9%"},{"v":149.9949,"d":"149.99"},550.44,{"v":49.5396,"d":"49.54"},{"v":599.9796,"d":"599.98"}]
[22,"操作台控制键盘","1.名称 ：操作台控制键盘\n2.规格:详设计\n3.其他：满足设计及现行技术、质量验收规范要求。设计中包含的相关工作内容及其余未尽事宜，由承包人自行考虑，包含在投标报价中","套",1,91.74,{"v":0.09,"d":"9%"},{"v":99.9966,"d":"100.00"},91.74,{"v":8.2566,"d":"8.26"},{"v":99.9966,"d":"100.00"}]
[23,"插座箱","1.名称 ：接线箱\r\n2.规格:详设计\r\n3.其他：满足设计及现行技术、质量验收规范要求。设计中包含的相关工作内容及其余未尽事宜，由承包人自行考虑，包含在投标报价中","个",1,45.87,{"v":0.09,"d":"9%"},{"v":49.9983,"d":"50.00"},45.87,{"v":4.1283,"d":"4.13"},{"v":49.9983,"d":"50.00"}]
[24,"SC-FC光纤跳线双芯","1.名称：SC-FC光纤跳线双芯 \r\n2.类别：光纤跳线 \r\n3.规格：双芯\r\n4.其他：满足设计及现行技术、质量验收规范要求。设计中包含的相关工作内容及其余未尽事宜，由承包人自行考虑，包含在投标报价中","条",25,0.91,{"v":0.09,"d":"9%"},{"v":0.9919,"d":"0.99"},22.75,{"v":2.0475,"d":"2.05"},{"v":24.7975,"d":"24.80"}]
[25,"4芯光纤","1.名称 ：4芯光纤\r\n2.其他：满足设计及现行技术、质量验收规范要求。设计中包含的相关工作内容及其余未尽事宜，由承包人自行考虑，包含在投标报价中","m",44.1,1.37,{"v":0.09,"d":"9%"},{"v":1.4933,"d":"1.49"},60.42,{"v":5.4378,"d":"5.44"},{"v":65.8578,"d":"65.86"}]
[26,"接线HDMI","1.名称 ：接线HDMI\r\n2.其他：满足设计及现行技术、质量验收规范要求。设计中包含的相关工作内容及其余未尽事宜，由承包人自行考虑，包含在投标报价中","条",4,18.34,{"v":0.09,"d":"9%"},{"v":19.9906,"d":"19.99"},73.36,{"v":6.6024,"d":"6.60"},{"v":79.9624,"d":"79.96"}]
[27,"主控电脑","1.名称 ：主控电脑\r\n2.规格:详设计\r\n3.其他：满足设计及现行技术、质量验收规范要求。设计中包含的相关工作内容及其余未尽事宜，由承包人自行考虑，包含在投标报价中","台",1,183.48,{"v":0.09,"d":"9%"},{"v":199.9932,"d":"199.99"},183.48,{"v":16.5132,"d":"16.51"},{"v":199.9932,"d":"199.99"}]
[28,"视频存储专用硬盘","1.名称 ：视频存储专用硬盘\n2.规格：35英寸 10000G 7200 64M SATA3.0\n3.其他：满足设计及现行技术、质量验收规范要求。设计中包含的相关工作内容及其余未尽事宜，由承包人自行考虑，包含在投标报价中","块",1,91.74,{"v":0.09,"d":"9%"},{"v":99.9966,"d":"100.00"},91.74,{"v":8.2566,"d":"8.26"},{"v":99.9966,"d":"100.00"}]
[29,"NVR网络存储","1.名称 ：NVR网络存储\n2.规格：64 路网络视频输入,16盘位带2个RJ45 10 M/100 M/1000M自适应以太网口:网络视频带宽>400Mbps,录像分辨率支持4 MP/3 MP/1080P支持UPnP、SNMP、NTP、SADP、SMTP、NFS、iSCSI、DHCP等网络协议,支持Raid 0、1、5、6、10:支持H,265、H.264支持1/4/6/8/9/16/25/32/36/64 画面:支持16路同步回放支持16 路1080P/32路720 P解码:16个SATA接口1个eSATA接口:16 路报警输入,8路报警输出:HDMI输出2个(异源):1 个键盘485 接口:2个USB 接口.\n3.其他：满足设计及现行技术、质量验收规范要求。设计中包含的相关工作内容及其余未尽事宜，由承包人自行考虑，包含在投标报价中","台",1,91.74,{"v":0.09,"d":"9%"},{"v":99.9966,"d":"100.00"},91.74,{"v":8.2566,"d":"8.26"},{"v":99.9966,"d":"100.00"}]
[30,"计算机网络系统"]
[31,"24口接入交换机","1.名称 ：24口接入交换机\n2.规格：24个千兆电口，4个万兆SFP+.交换容量≥300Gbps.转发性能≥100Mpps\n3.包含尾纤、跳线的费用\n4.其他：满足设计及现行技术、质量验收规范要求。设计中包含的相关工作内容及其余未尽事宜，由承包人自行考虑，包含在投标报价中","台",16,45.87,{"v":0.09,"d":"9%"},{"$f":"F38*(1+G38)","v":{"v":49.9983,"d":"50.00"}},733.92,{"v":66.0528,"d":"66.05"},{"v":799.9728,"d":"799.97"}]
[32,"信息中心交换机","1.名称 ：信息中心交换机\n2.规格：交换容量≥ 4.5Tbps,包转发率≥2000 Mpps；10GE SFP+≥48个100GE QSFP28≥6个，交流电源≥2个\n3.包含尾纤、跳线的费用\n4.其他：满足设计及现行技术、质量验收规范要求。设计中包含的相关工作内容及其余未尽事宜，由承包人自行考虑，包含在投标报价中","台",2,91.74,{"v":0.09,"d":"9%"},{"v":99.9966,"d":"100.00"},183.48,{"v":16.5132,"d":"16.51"},{"v":199.9932,"d":"199.99"}]
[33,"24口汇聚交换机","1.名称 ：24口汇聚交换机\n2.规格：24个千兆光口,4个万兆SFP+.交换容量≥2.5 Tbps,转发性能≥1000Mpps,支持扩展插槽双电源\n3.包含尾纤、跳线的费用\n4.其他：满足设计及现行技术、质量验收规范要求。设计中包含的相关工作内容及其余未尽事宜，由承包人自行考虑，包含在投标报价中","台",2,183.48,{"v":0.09,"d":"9%"},{"v":199.9932,"d":"199.99"},366.96,{"v":33.0264,"d":"33.03"},{"v":399.9864,"d":"399.99"}]
[34,"业务系统虚拟化服务器","1.名称 ：业务系统虚拟化服务器\r\n2.规格:详设计\r\n3.其他：满足设计及现行技术、质量验收规范要求。设计中包含的相关工作内容及其余未尽事宜，由承包人自行考虑，包含在投标报价中\r","台",1,183.48,{"v":0.09,"d":"9%"},{"v":199.9932,"d":"199.99"},183.48,{"v":16.5132,"d":"16.51"},{"v":199.9932,"d":"199.99"}]
[35,"双口内网信息插座","1.名称 ：双口内网信息插座\n2.规格：86型面板。直角加厚，ABS+阻燃材料，防尘盖。单口，尺寸：86*86mm，本次配置1个六类网络模块，颜色：白色\n3.安装方式：墙上暗设，86型预埋盒，底距完成面0.3m，配合家具安装/吊顶上安装时预留水晶头，病房区域有医护带的床位处医护设备的上安装\n4.其他：满足设计及现行技术、质量验收规范要求。设计中包含的相关工作内容及其余未尽事宜，由承包人自行考虑，包含在投标报价中","个",99,6.42,{"v":0.09,"d":"9%"},{"v":6.9978,"d":"7.00"},635.58,{"v":57.2022,"d":"57.20"},{"v":692.7822,"d":"692.78"}]
[36,"单口内网信息插座","1.名称 ：单口内网信息插座\n2.规格：86型面板。直角加厚，ABS+阻燃材料，防尘盖。单口，尺寸：86*86mm，本次配置1个六类网络模块，颜色：白色\n3.安装方式：墙上暗设，86型预埋盒，底距完成面0.3m，配合家具安装/吊顶上安装时预留水晶头，病房区域有医护带的床位处医护设备的上安装\n4.其他：满足设计及现行技术、质量验收规范要求。设计中包含的相关工作内容及其余未尽事宜，由承包人自行考虑，包含在投标报价中","个",71,6.42,{"v":0.09,"d":"9%"},{"v":6.9978,"d":"7.00"},455.82,{"v":41.0238,"d":"41.02"},{"v":496.8438,"d":"496.84"}]
[37,"钢制开关（插座）盒","1.名称 ：钢制开关（插座）盒\n2.材质：钢制\n3.其他：满足设计及现行技术、质量验收规范要求。设计中包含的相关工作内容及其余未尽事宜，由承包人自行考虑，包含在投标报价中","个",170,1.83,{"v":0.09,"d":"9%"},{"v":1.9947,"d":"1.99"},{"$f":"ROUND(E44*F44,2)","v":{"v":311.1,"d":"311.10"}},{"$f":"I44*G44","v":{"v":27.999,"d":"28.00"}},{"$f":"I44+J44","v":{"v":339.099,"d":"339.10"}}]
[38,"管理工作站","1.名称 ：管理工作站\n2.规格：I5-8500 6灰6线程3.0Ghz /16G内存/256 G固态+1T硬盘/GTX1050TI/21英寸液晶示器 \n3.其他：满足设计及现行技术、质量验收规范要求。设计中包含的相关工作内容及其余未尽事宜，由承包人自行考虑，包含在投标报价中","台",1,183.48,{"v":0.09,"d":"9%"},{"v":199.9932,"d":"199.99"},183.48,{"v":16.5132,"d":"16.51"},{"v":199.9932,"d":"199.99"}]
[39,"24口光纤配线架","1.名称：24口光纤配线架\n2.规格：24口\n3.包含尾纤、跳线的费用\n4.其他：满足设计及现行技术、质量验收规范要求。设计中包含的相关工作内容及其余未尽事宜，由承包人自行考虑，包含在投标报价中","个",3,18.34,{"v":0.09,"d":"9%"},{"v":19.9906,"d":"19.99"},55.02,{"v":4.9518,"d":"4.95"},{"v":59.9718,"d":"59.97"}]
[40,"24口网络配线架","1.名称：24口配线架\r\n2.规格：24口\r\n3.包含尾纤、跳线的费用\r\n4.其他：满足设计及现行技术、质量验收规范要求。设计中包含的相关工作内容及其余未尽事宜，由承包人自行考虑，包含在投标报价中\r\n\r","个",16,18.34,{"v":0.09,"d":"9%"},{"v":19.9906,"d":"19.99"},293.44,{"v":26.4096,"d":"26.41"},{"v":319.8496,"d":"319.85"}]
[41,"理线架","1.名称 ：理线架\r\n2.规格：详设计\r\n3.包含尾纤、跳线的费用\r\n4.其他：满足设计及现行技术、质量验收规范要求。设计中包含的相关工作内容及其余未尽事宜，由承包人自行考虑，包含在投标报价中\r\n\r","个",16,45.87,{"v":0.09,"d":"9%"},{"v":49.9983,"d":"50.00"},733.92,{"v":66.0528,"d":"66.05"},{"v":799.9728,"d":"799.97"}]
[42,"42U机柜 600×600×2000","1.名称 ：42U机柜 600×600×2000\n2.规格：600×600×2000\n3.其他：满足设计及现行技术、质量验收规范要求。设计中包含的相关工作内容及其余未尽事宜，由承包人自行考虑，包含在投标报价中","台",1,183.48,{"v":0.09,"d":"9%"},{"v":199.9932,"d":"199.99"},183.48,{"v":16.5132,"d":"16.51"},{"v":199.9932,"d":"199.99"}]
[43,"12芯光纤","1.名称 ：12芯光纤\r\n2.规格：12芯\r\n2.其他：满足设计及现行技术、质量验收规范要求。设计中包含的相关工作内容及其余未尽事宜，由承包人自行考虑，包含在投标报价中\r","m",128,{"v":1.4,"d":"1.40"},{"v":0.09,"d":"9%"},{"v":1.526,"d":"1.53"},{"v":179.2,"d":"179.20"},{"v":16.128,"d":"16.13"},{"v":195.328,"d":"195.33"}]
[44,"接地分支线 WDZB1-BYJ-1×10mm2","1.名称：接地分支线 WDZB1-BYJ-1×10mm2\r\n2.配线形式：管内穿线\r\n3.型号、规格：WDZB1-BYJ-1×10mm2\r\n4.材质：铜芯\r\n5.配线部位：综合考虑\r\n6.配线线制：按设计要求\r\n7.焊(压)接线端子：详设计图及相关规范\r\n8.其他：满足设计及现行技术、质量验收规范要求。设计中包含的相关工作内容及其余未尽事宜，由承包人自行考虑，包含在投标报价中\r","m",32,1.37,{"v":0.09,"d":"9%"},{"v":1.4933,"d":"1.49"},43.84,{"v":3.9456,"d":"3.95"},{"v":47.7856,"d":"47.79"}]
[45,"配管PC25","1.名称:配管\r\n2.规格:PC25\r\n3.材质:塑料\r\n4.敷设方式:综合考虑\r\n5.接地要求：按设计及规范要求 \r\n6.其他：满足设计及现行技术、质量验收规范要求。设计中包含的相关工作内容及其余未尽事宜，由承包人自行考虑，包含在投标报价中","m",32,1.37,{"v":0.09,"d":"9%"},{"v":1.4933,"d":"1.49"},43.84,{"v":3.9456,"d":"3.95"},{"v":47.7856,"d":"47.79"}]
[46,"接地线 WDZB1-BYJ-1×35mm2","1.名称：接地线 WDZB1-BYJ-1×35mm2\r\n2.配线形式：管内穿线\r\n3.型号、规格：WDZB1-BYJ-1×35mm2\r\n4.材质：铜芯\r\n5.配线部位：综合考虑\r\n6.配线线制：按设计要求\r\n7.焊(压)接线端子：详设计图及相关规范\r\n8.其他：满足设计及现行技术、质量验收规范要求。设计中包含的相关工作内容及其余未尽事宜，由承包人自行考虑，包含在投标报价中","m",15,1.37,{"v":0.09,"d":"9%"},{"v":1.4933,"d":"1.49"},20.55,{"v":1.8495,"d":"1.85"},{"v":22.3995,"d":"22.40"}]
[47,"配管PC40","1.名称:配管\r\n2.规格:PC40\r\n3.材质:塑料\r\n4.敷设方式:综合考虑\r\n5.接地要求：按设计及规范要求 \r\n6.其他：满足设计及现行技术、质量验收规范要求。设计中包含的相关工作内容及其余未尽事宜，由承包人自行考虑，包含在投标报价中","m",15,0.91,{"v":0.09,"d":"9%"},{"v":0.9919,"d":"0.99"},13.65,{"v":1.2285,"d":"1.23"},{"v":14.8785,"d":"14.88"}]
[48,"电视插座","1.名称 ：电视插座\r\n2.规格:详设计\r\n3.安装方式：墙上暗设86 型预埋盒，病房距地1.5m\r\n4.其他：满足设计及现行技术、质量验收规范要求。设计中包含的相关工作内容及其余未尽事宜，由承包人自行考虑，包含在投标报价中\r","个",44,6.42,{"v":0.09,"d":"9%"},{"v":6.9978,"d":"7.00"},282.48,{"v":25.4232,"d":"25.42"},{"v":307.9032,"d":"307.90"}]
[49,"8路IPTV编码器","1.名称 ：8路IPTV编码器\r\n2.规格:8路\r\n3.安装方式：机架式安装\r\n4.其他：满足设计及现行技术、质量验收规范要求。设计中包含的相关工作内容及其余未尽事宜，由承包人自行考虑，包含在投标报价中\r","台",7,183.48,{"v":0.09,"d":"9%"},{"v":199.9932,"d":"199.99"},1284.36,{"v":115.5924,"d":"115.59"},{"v":1399.9524,"d":"1399.95"}]
[50,"4路IPTV编码器","1.名称 ：8路IPTV编码器\r\n2.规格:4路\r\n3.安装方式：机架式安装\r\n4.其他：满足设计及现行技术、质量验收规范要求。设计中包含的相关工作内容及其余未尽事宜，由承包人自行考虑，包含在投标报价中\r","台",1,45.87,{"v":0.09,"d":"9%"},{"v":49.9983,"d":"50.00"},45.87,{"v":4.1283,"d":"4.13"},{"v":49.9983,"d":"50.00"}]
[51,"计算机网络外网"]
[52,"24口接入交换机","1.名称 ：24口接入交换机\n2.规格：24个千兆电口，4个万兆SFP+.交换容量≥300Gbps.转发性能≥100Mpps\n3.包含尾纤、跳线的费用\n4.其他：满足设计及现行技术、质量验收规范要求。设计中包含的相关工作内容及其余未尽事宜，由承包人自行考虑，包含在投标报价中","台",11,45.87,{"v":0.09,"d":"9%"},{"v":49.9983,"d":"50.00"},504.57,{"v":45.4113,"d":"45.41"},{"v":549.9813,"d":"549.98"}]
[53,"AC控制器","1.名称 ：AC控制器\n2.规格：详设计\n3.其他：满足设计及现行技术、质量验收规范要求。设计中包含的相关工作内容及其余未尽事宜，由承包人自行考虑，包含在投标报价中","台",1,45.87,{"v":0.09,"d":"9%"},{"v":49.9983,"d":"50.00"},45.87,{"v":4.1283,"d":"4.13"},{"v":49.9983,"d":"50.00"}]
[54,"双口信息插座（外网+语音）","1.名称 ：双口信息插座（外网+语音）\n2.规格：86型面板\n3.安装方式：墙上暗设，86型预埋盒，底距完成面0.3m\n4.其他：满足设计及现行技术、质量验收规范要求。设计中包含的相关工作内容及其余未尽事宜，由承包人自行考虑，包含在投标报价中","个",71,6.42,{"v":0.09,"d":"9%"},{"v":6.9978,"d":"7.00"},455.82,{"v":41.0238,"d":"41.02"},{"v":496.8438,"d":"496.84"}]
[55,"钢制开关（插座）盒","1.名称 ：钢制开关（插座）盒\n2.材质：钢制\n3.其他：满足设计及现行技术、质量验收规范要求。设计中包含的相关工作内容及其余未尽事宜，由承包人自行考虑，包含在投标报价中","个",71,1.83,{"v":0.09,"d":"9%"},{"v":1.9947,"d":"1.99"},129.93,{"v":11.6937,"d":"11.69"},{"v":141.6237,"d":"141.62"}]
[56,"24口光纤配线架","1.名称：24口配线架\r\n2.规格：24口\r\n3.包含尾纤、跳线的费用\r\n4.其他：满足设计及现行技术、质量验收规范要求。设计中包含的相关工作内容及其余未尽事宜，由承包人自行考虑，包含在投标报价中\r","个",3,18.34,{"v":0.09,"d":"9%"},{"v":19.9906,"d":"19.99"},55.02,{"v":4.9518,"d":"4.95"},{"v":59.9718,"d":"59.97"}]
[57,"24口网络配线架","1.名称： 24口配线架\r\n2.规格：24口\r\n3.包含尾纤、跳线的费用\r\n4.其他：满足设计及现行技术、质量验收规范要求。设计中包含的相关工作内容及其余未尽事宜，由承包人自行考虑，包含在投标报价中\r","个",11,18.34,{"v":0.09,"d":"9%"},{"v":19.9906,"d":"19.99"},201.74,{"v":18.1566,"d":"18.16"},{"v":219.8966,"d":"219.90"}]
[58,"理线架","1.名称 ：理线架\r\n2.规格：详设计\r\n3.包含尾纤、跳线的费用\r\n4.其他：满足设计及现行技术、质量验收规范要求。设计中包含的相关工作内容及其余未尽事宜，由承包人自行考虑，包含在投标报价中\r","个",11,45.87,{"v":0.09,"d":"9%"},{"v":49.9983,"d":"50.00"},504.57,{"v":45.4113,"d":"45.41"},{"v":549.9813,"d":"549.98"}]
[59,"放装无线AP","1.名称：放装无线AP \r\n2.安装方式：吊顶内安装 \r\n3.其他：满足设计及现行技术、质量验收规范要求。设计中包含的相关工作内容及其余未尽事宜，由承包人自行考虑，包含在投标报价中\r","台",18,137.61,{"v":0.09,"d":"9%"},{"v":149.9949,"d":"149.99"},2476.98,{"v":222.9282,"d":"222.93"},{"v":2699.9082,"d":"2699.91"}]
[60,"19'机柜 600×600×2000","1.名称 ：19'机柜 \n2.规格：600mm×600mm×2000mm\n3.其他：满足设计及现行技术、质量验收规范要求。设计中包含的相关工作内容及其余未尽事宜，由承包人自行考虑，包含在投标报价中","台",1,183.48,{"v":0.09,"d":"9%"},{"v":199.9932,"d":"199.99"},183.48,{"v":16.5132,"d":"16.51"},{"v":199.9932,"d":"199.99"}]
[61,"12芯光纤","1.名称 ：12芯光纤\r\n2.规格：12芯\r\n3 .其他：满足设计及现行技术、质量验收规范要求。设计中包含的相关工作内容及其余未尽事宜，由承包人自行考虑，包含在投标报价中\r","m",85,{"v":1.4,"d":"1.40"},{"v":0.09,"d":"9%"},{"v":1.526,"d":"1.53"},{"v":119,"d":"119.00"},10.71,129.71]
[62,"门禁控制机","1.名称 ：门禁控制机\r\n2.规格：单门双向控制.2 万张卡管理权限,10 万条脱机存储记录TCP/IP局域网广域网联网控制。含机箱电源\r\n3.其他：满足设计及现行技术、质量验收规范要求。设计中包含的相关工作内容及其余未尽事宜，由承包人自行考虑，包含在投标报价中\r","台",7,59.63,{"v":0.09,"d":"9%"},{"$f":"F69*(1+G69)","v":{"v":64.9967,"d":"65.00"}},417.41,{"v":37.5669,"d":"37.57"},{"v":454.9769,"d":"454.98"}]
[63,"出门按钮","1.名称 ：出门按钮\r\n2.规格：带DC12 V(常开)NO/(常闭)NC信号输出\r\n3.安装方式：距地1.3m安装\r\n4.其他：满足设计及现行技术、质量验收规范要求。设计中包含的相关工作内容及其余未尽事宜，由承包人自行考虑，包含在投标报价中\r","个",7,4.58,{"v":0.09,"d":"9%"},{"v":4.9922,"d":"4.99"},32.06,{"v":2.8854,"d":"2.89"},{"v":34.9454,"d":"34.95"}]
[64,"读卡器","1.名称 ：读卡器\r\n2.规格：IC卡读卡器\r\n3.安装方式：距地1.3m安装\r\n4.其他：满足设计及现行技术、质量验收规范要求。设计中包含的相关工作内容及其余未尽事宜，由承包人自行考虑，包含在投标报价中\r","只",7,9.17,{"v":0.09,"d":"9%"},{"v":9.9953,"d":"10.00"},64.19,{"v":5.7771,"d":"5.78"},{"v":69.9671,"d":"69.97"}]
[65,"电磁锁","1.名称 ：电磁锁\r\n2.规格：明装型(中),工作电压:DC12 V/24 V,工作电压可调节抗拉力；2 *270公斤级\r\n3.安装方式：门上0.1m安装\r\n4.其他：满足设计及现行技术、质量验收规范要求。设计中包含的相关工作内容及其余未尽事宜，由承包人自行考虑，包含在投标报价中\r","把",7,45.87,{"v":0.09,"d":"9%"},{"v":49.9983,"d":"50.00"},321.09,{"v":28.8981,"d":"28.90"},{"v":349.9881,"d":"349.99"}]
[66,"病房呼叫系统"]
[67,"床头分机","1.名称 ：床头分机\n2.安装方式：设备带嵌入式安装.\n3.其他：满足设计及现行技术、质量验收规范要求。设计中包含的相关工作内容及其余未尽事宜，由承包人自行考虑，包含在投标报价中","台","95",55.04,{"v":0.09,"d":"9%"},{"v":59.9936,"d":"59.99"},{"v":5228.8,"d":"5228.80"},{"v":470.592,"d":"470.59"},{"v":5699.392,"d":"5699.39"}]
[68,"呼叫机","1.名称 ：呼叫机\r\n2.安装方式：桌面/电脑安装\r\n3.其他：满足设计及现行技术、质量验收规范要求。设计中包含的相关工作内容及其余未尽事宜，由承包人自行考虑，包含在投标报价中\r","台","67",18.34,{"v":0.09,"d":"9%"},{"v":19.9906,"d":"19.99"},1228.78,{"v":110.5902,"d":"110.59"},{"v":1339.3702,"d":"1339.37"}]
[69,"走廊显示器","1.名称 ：走廊显示器\n2.安装方式：距地面2m吊装\n3.其他：满足设计及现行技术、质量验收规范要求。设计中包含的相关工作内容及其余未尽事宜，由承包人自行考虑，包含在投标报价中","套","12",137.61,{"v":0.09,"d":"9%"},{"v":149.9949,"d":"149.99"},{"$f":"ROUND(E76*F76,2)","v":1651.32},{"$f":"I76*G76","v":{"v":148.6188,"d":"148.62"}},{"$f":"I76+J76","v":{"v":1799.9388,"d":"1799.94"}}]
[70,"27寸液晶显示器","1.名称 ：27寸液晶显示器\n2.规格:27寸\n3.其他：满足设计及现行技术、质量验收规范要求。设计中包含的相关工作内容及其余未尽事宜，由承包人自行考虑，包含在投标报价中","套","1",183.48,{"v":0.09,"d":"9%"},{"v":199.9932,"d":"199.99"},{"$f":"ROUND(E77*F77,2)","v":183.48},{"$f":"I77*G77","v":{"v":16.5132,"d":"16.51"}},{"$f":"I77+J77","v":{"v":199.9932,"d":"199.99"}}]
[71,"护理对讲主机","1.名称 ：护理对讲主机\n2.安装方式：桌面放置\n3.其他：满足设计及现行技术、质量验收规范要求。设计中包含的相关工作内容及其余未尽事宜，由承包人自行考虑，包含在投标报价中","台","1",91.74,{"v":0.09,"d":"9%"},{"v":99.9966,"d":"100.00"},{"$f":"ROUND(E78*F78,2)","v":91.74},{"$f":"I78*G78","v":{"v":8.2566,"d":"8.26"}},{"$f":"I78+J78","v":{"v":99.9966,"d":"100.00"}}]
[72,"能耗管理系统"]
[73,"智能电表","1.名称 ：智能电表\n2.规格：·输入电流:可从1/5 A的CT(电流互感器)中接入·大屏幕液晶显示(68 *68)·带隔离的RS485 通讯接口通讯规约为MODBUS 可选双路RS485·工作电源:标准直流85 V到265V,交流80V到300V·四路开关量输入 两路继电器输出(可选)·高精度实时测量数据·用户通过面板可以方便设置仪表的工作模式\n3.安装方式：根据现场情况确定安装\n4.其他：满足设计及现行技术、质量验收规范要求。设计中包含的相关工作内容及其余未尽事宜，由承包人自行考虑，包含在投标报价中","个",25,55.04,{"v":0.09,"d":"9%"},{"v":59.9936,"d":"59.99"},{"$f":"ROUND(E80*F80,2)","v":{"v":1376,"d":"1376.00"}},{"$f":"I80*G80","v":123.84},{"$f":"I80+J80","v":1499.84}]
[74,"智能水表","1.名称 ：智能水表\r\n2.规格：直读式网络水表,带RS485 或无线通信接口、符合国家或行业相关标准,水表精度B级。通信协议可开放给第三方集成。支持188、MBUS或无线LORA、NB-IOT通讯协议\r\n3.安装方式：根据现场情况确定安装\r\n4.其他：满足设计及现行技术、质量验收规范要求。设计中包含的相关工作内容及其余未尽事宜，由承包人自行考虑，包含在投标报价中\r","个",3,55.04,{"v":0.09,"d":"9%"},{"v":59.9936,"d":"59.99"},{"$f":"ROUND(E81*F81,2)","v":165.12},{"$f":"I81*G81","v":{"v":14.8608,"d":"14.86"}},{"$f":"I81+J81","v":{"v":179.9808,"d":"179.98"}}]
[75,"数据采集器","1.名称 ：数据采集器\r\n2.规格：通讯接口:网关提供4个RS485 口,每个通讯口可多连接16 个仪表。协议类型:ModbusRTU,DL7645-1997DLT645-2007\r\n3.其他：满足设计及现行技术、质量验收规范要求。设计中包含的相关工作内容及其余未尽事宜，由承包人自行考虑，包含在投标报价中\r","套",2,458.71,{"v":0.09,"d":"9%"},{"v":499.9939,"d":"499.99"},{"$f":"ROUND(E82*F82,2)","v":917.42},{"$f":"I82*G82","v":{"v":82.5678,"d":"82.57"}},{"$f":"I82+J82","v":{"v":999.9878,"d":"999.99"}}]
[76,"配线 WDZB1-RYSP-2*1mm2","1.名称：配线 WDZB1-RYSP-2*1mm2\r\n2.配线形式：管内穿线\r\n3.型号、规格：WDZB1-RYSP-2*1mm2\r\n4.材质：铜芯\r\n5.配线部位：综合考虑\r\n6.配线线制：按设计要求\r\n7.焊(压)接线端子：详设计图及相关规范\r\n8.其他：满足设计及现行技术、质量验收规范要求。设计中包含的相关工作内容及其余未尽事宜，由承包人自行考虑，包含在投标报价中\r","m",201.36,1.37,{"v":0.09,"d":"9%"},{"v":1.4933,"d":"1.49"},{"$f":"ROUND(E83*F83,2)","v":275.86},{"$f":"I83*G83","v":{"v":24.8274,"d":"24.83"}},{"$f":"I83+J83","v":{"v":300.6874,"d":"300.69"}}]
[77,"离线巡更系统"]
[78,"巡更器通讯座","1.名称 ：巡更器通讯座\r\n2.其他：满足设计及现行技术、质量验收规范要求。设计中包含的相关工作内容及其余未尽事宜，由承包人自行考虑，包含在投标报价中\r","台",1,73.39,{"v":0.09,"d":"9%"},{"v":79.9951,"d":"80.00"},{"$f":"ROUND(E85*F85,2)","v":73.39},{"$f":"I85*G85","v":{"v":6.6051,"d":"6.61"}},{"$f":"I85+J85","v":{"v":79.9951,"d":"80.00"}}]
[79,"巡更点","1.名称 ：巡更点\r\n2.规格：防水、防震、防腐蚀、坚固耐用,可在各种恶劣环境中使用\r\n3.其他：满足设计及现行技术、质量验收规范要求。设计中包含的相关工作内容及其余未尽事宜，由承包人自行考虑，包含在投标报价中\r","个",8,32.11,{"v":0.09,"d":"9%"},{"v":34.9999,"d":"35.00"},{"$f":"ROUND(E86*F86,2)","v":256.88},{"$f":"I86*G86","v":{"v":23.1192,"d":"23.12"}},{"$f":"I86+J86","v":{"v":279.9992,"d":"280.00"}}]
[80,"巡更棒","1.名称 ：巡更棒\r\n2.其他：满足设计及现行技术、质量验收规范要求。设计中包含的相关工作内容及其余未尽事宜，由承包人自行考虑，包含在投标报价中\r","个",8,82.56,{"v":0.09,"d":"9%"},{"v":89.9904,"d":"89.99"},{"$f":"ROUND(E87*F87,2)","v":660.48},{"$f":"I87*G87","v":{"v":59.4432,"d":"59.44"}},{"$f":"I87+J87","v":{"v":719.9232,"d":"719.92"}}]
[81,"巡更管理端","1.名称 ：管理工作站\r\n2.规格：l5-8500 6核6线程3.0Ghz /16G内存/256 G固态+1T硬盘GTx1050T/24 英寸液显示器\r\n3.其他：满足设计及现行技术、质量验收规范要求。设计中包含的相关工作内容及其余未尽事宜，由承包人自行考虑，包含在投标报价中\r","台",1,275.22,{"v":0.09,"d":"9%"},{"v":299.9898,"d":"299.99"},{"$f":"ROUND(E88*F88,2)","v":275.22},{"$f":"I88*G88","v":{"v":24.7698,"d":"24.77"}},{"$f":"I88+J88","v":{"v":299.9898,"d":"299.99"}}]
["合计",{"$f":"K89","v":95179.3559},{"$nulls":6},{"$f":"SUM(I9:I88)","v":87320.51},{"$f":"SUM(J9:J88)","v":{"v":7858.8459,"d":"7858.85"}},{"$f":"SUM(K9:K88)","v":{"v":95179.3559,"d":"95179.36"}}]